Statistics for Will Smith Movies

Click here to take the quiz!

General Stats

  • This quiz has been taken 61 times
    (22 since last reset)
  • The average score is 12 of 30

Answer Stats

CostarsMovie% Correct
Martin Lawrence, Tea LeoniBad Boys
79%
Rip Torn, Tommy Lee JonesMen in Black
79%
Eva Mendes, Kevin JamesHitch
68%
Alice Braga, Willow SmithI am Legend
68%
Bill Pullman, Jeff GoldblumIndependence Day
68%
Alan Tudyk, Bruce GreenwoodI, Robot
58%
Margot Robbie, Viola DavisSuicide Squad
58%
Charlize Theron, Jason BatemanHancock
53%
Michael Jackson, Rosario DawsonMen in Black 2
53%
Jaden Smith, Zoe KravitzAfter Earth
47%
Mena Massoud, Naomi ScottAladdin
47%
Jamie Foxx, Jeffrey WrightAli
47%
Jaden Smith, Thandiwe NewtonThe Pursuit of Happiness
47%
Bai Ling, Salma HayekWild Wild West
47%
Michael ShannonBad Boys 2
42%
Alec Baldwin, Luke WilsonConcussion
42%
B. D. Wong, Margot RobbieFocus
42%
Alexander Ludwig, Charles MentonBad Boys for Life
37%
Martin Lawrence, DJ KhaledBad Boys for Life
37%
Barry Pepper, Gene HackmanEnemy of the State
37%
Rosario Dawson, Woody HarrelsonSeven Pounds
37%
Emma Thompson, Josh BrolinMen in Black 3
32%
Chris Rock Slap, nuff said!King Richard
21%
Joe Rogan, Joel EdgertonBright
16%
Benedict Wong, Clive OwenGemini Man
16%
Angelina Jolie, Robert De NiroShark Tale
11%
Ben Mendelsohn, Tom HollandSpies in Disguise
11%
Colin Farrell, Russel CroweWinter's Tale
5%
Ted Danson, Whoopi GoldbergMade in America
0%
Dermot Mulroney, Sean AstinWhere the Day takes You
0%

Score Distribution

Percentile by Number Answered

Percent of People with Each Score

Your Score History

You have not taken this quiz since the last reset